000 00611cam a22002173a 4500
001 36137
003 PGUSA
005 20140828083759.0
008 110517s2011||||xxu|||||s|||||000 | eng d
040 _aPGUSA
_beng
042 _adc
100 1 _aTrapp, Joseph
245 1 4 _aThe Preface to the Aeneis of Virgil (1718)
_h[electronic resource] /
_cJoseph Trapp
260 _bProject Gutenberg,
_c2011
506 _aPublic domain in the USA.
516 _aElectronic text
700 1 _aKelsall, Malcolm
830 0 _aProject Gutenberg
_v36137
856 4 0 _uhttp://www.gutenberg.org/ebooks/36137
942 _cEB
999 _c265392
_d265392